A widowed homemaker seeks counseling for depression. (Session 3 of 6).

In this, the third of six sessions, the client is distressed by the recent behavior of her 16-year-old son who has been diagnosed with bipolar disorder. A new friend of his has ingested some of the son's medication and reportedly has been taken illustrations The therapist and client discuss her...

Full description

Bibliographic Details
Corporate Author: American Psychological Association
Other Authors: Stricker, George
Format: Video
Language:English
Published: [Washington, D.C.] : American Psychological Association, 2011.
Subjects:
Online Access:Connect to this online video

MARC

Tag First Indicator Second Indicator Subfields
LEADER 00000cgm a22000001 4500
001 in00003495607
005 20190407115009.0
006 m o c
007 cr cna
007 vz czazuu
008 120116s2011 dcu044 o s vleng d
035 |a (DcWaAPA)apa08148448 
040 |a DcWaAPA  |d UtOrBLW 
050 4 |a RC537  |b .W53 2011 
245 0 2 |a A widowed homemaker seeks counseling for depression.  |n (Session 3 of 6). 
264 1 |a [Washington, D.C.] :  |b American Psychological Association,  |c 2011. 
300 |a 1 streaming video file (43 min., 56 sec.) 
336 |a two-dimensional moving image  |b tdi  |2 rdacontent 
337 |a computer  |b c  |2 rdamedia 
338 |a online resource  |b cr  |2 rdacarrier 
347 |a video file  |2 rda 
520 |a In this, the third of six sessions, the client is distressed by the recent behavior of her 16-year-old son who has been diagnosed with bipolar disorder. A new friend of his has ingested some of the son's medication and reportedly has been taken illustrations The therapist and client discuss her feelings about this particular judgment lapse on her son's part and the more general challenges he presents. The client describes her family's lack of support with respect to her children and her fears about both his and her future, given his special needs. The therapist validates the client's feelings but also points out that certain behaviors are normal for teenagers and dissipate with time. He encourages the client to proactively find ways to further her own goals whilst remaining true to her own values of helping others. 
538 |a Mode of access: World Wide Web. 
500 |a Slide. 
650 0 |a Depression, Mental  |x Treatment. 
650 0 |a Bereavement  |x Psychological aspects. 
650 0 |a Widows  |x Psychology. 
650 0 |a Depression in women. 
650 0 |a Problem children. 
650 0 |a Eclectic psychotherapy. 
650 2 |a Depression  |x therapy. 
650 2 |a Bereavement. 
650 2 |a Widowhood  |x psychology. 
655 7 |a Short films.  |2 lcgft 
655 7 |a Nonfiction films.  |2 lcgft 
655 7 |a Internet videos.  |2 lcgft 
655 0 |a Streaming videos. 
700 1 |a Stricker, George. 
710 2 |a American Psychological Association. 
856 4 0 |u http://proxy.library.tamu.edu/login?url=http://psyctherapy.apa.org/apa/view/777700383-001  |z Connect to this online video  |t 0 
999 |a MARS 
999 f f |s fb102f10-e722-35f0-bd0a-4577706e8c9c  |i f5da9475-5381-30a8-a3a9-d2e2620ecdeb  |t 0 
952 f f |a Texas A&M University  |b College Station  |c Electronic Resources  |d Available Online  |t 0  |e RC537 .W53 2011  |h Library of Congress classification 
998 f f |a RC537 .W53 2011  |t 0  |l Available Online